| 000 | 01009cam a22002653a 4500 | ||
|---|---|---|---|
| 001 | 14428 | ||
| 003 | PGUSA | ||
| 005 | 20140828083317.0 | ||
| 008 | 041223s2004||||xxu|||||s|||||000 | eng d | ||
| 040 |
_aPGUSA _beng |
||
| 042 | _adc | ||
| 050 | 4 | _aE300 | |
| 100 | 1 |
_aBrock, Isaac, _cSir, _d1769-1812 |
|
| 245 | 1 | 4 |
_aThe Life and Correspondence of Sir Isaac Brock, K.B. : _bInterspersed with notices of the celebrated Indian chief, Tecumseh, and comprising brief memoirs of Daniel De Lisle Brock, Esq., Lieutenant E.W. Tupper, R.N., and Colonel W. De Vic Tupper _h[electronic resource] / _cIsaac, Brock |
| 260 |
_bProject Gutenberg, _c2004 |
||
| 506 | _aPublic domain in the USA. | ||
| 516 | _aElectronic text | ||
| 653 | _aBrock, Isaac, Sir, 1769-1812 | ||
| 653 | _aCanada -- History -- 1763-1867 | ||
| 653 | _aSoldiers -- Canada -- Biography | ||
| 700 | 1 |
_aTupper, Ferdinand Brock, _d1795-1874 |
|
| 830 | 0 |
_aProject Gutenberg _v14428 |
|
| 856 | 4 | 0 | _uhttp://www.gutenberg.org/ebooks/14428 |
| 942 | _cEB | ||
| 999 |
_c243683 _d243683 |
||